[Event "Guelph op"]
[Site "Guelph CAN"]
[Date "2005.07.31"]
[Round "7"]
[White "Stevens, Christian"]
[Black "Mikanovic, Goran"]
[Result "1/2-1/2"]
[WhiteElo "2319"]
[BlackElo "2282"]
[PlyCount "95"]
[GameId "2160767910900966"]
[EventDate "2005.07.28"]
[EventType "swiss"]
[EventRounds "9"]
[EventCountry "CAN"]
[SourceTitle "CBM 107 Extra"]
[Source "ChessBase"]
[SourceDate "2005.09.01"]
[SourceVersion "1"]
[SourceVersionDate "2005.09.01"]
[SourceQuality "1"]

1. e4 c5 2. Nf3 e6 3. d4 cxd4 4. Nxd4 Nc6 5. Nb5 d6 6. Bf4 e5 7. Be3 a6 8. N5c3 Nf6 9. Bg5 Be7 10. Bxf6 Bxf6 11. Nd2 Be6 12. Nc4 Nd4 13. Ne3 Rc8 14. Bd3 O-O 15. Ncd5 Bg5 16. c3 Nc6 17. Bc2 Kh8 18. h4 Bxe3 19. Nxe3 b5 20. a3 Na5 21. Bd3 Nc4 22. Bxc4 bxc4 23. Qe2 Qb6 24. Rd1 Rc5 25. O-O Rb8 26. Rd2 a5 27. Rfd1 Rc6 28. g3 h6 29. Kh2 Qc7 30. Kg1 Kh7 31. f3 Qb6 32. Kh2 Qc5 33. Kg2 Rcb6 34. Kh2 Rb3 35. f4 exf4 36. gxf4 f6 37. Rg1 Qb6 38. Rg2 Qc5 39. f5 Bg8 40. Qg4 Qe5+ 41. Kh1 R8b7 42. Rg3 Re7 43. Rdg2 Rb8 44. Qg6+ Kh8 45. Rg4 Qc5 46. R4g3 Qe5 47. Rg4 Qc5 48. R4g3 1/2-1/2

[Event "Guelph op"]
[Site "Guelph CAN"]
[Date "2005.07.31"]
[Round "8"]
[White "Buscar, Michael"]
[Black "Hamilton, Robert"]
[Result "1/2-1/2"]
[WhiteElo "2101"]
[BlackElo "2341"]
[PlyCount "169"]
[GameId "2160767910900968"]
[EventDate "2005.07.28"]
[EventType "swiss"]
[EventRounds "9"]
[EventCountry "CAN"]
[SourceTitle "CBM 107 Extra"]
[Source "ChessBase"]
[SourceDate "2005.09.01"]
[SourceVersion "1"]
[SourceVersionDate "2005.09.01"]
[SourceQuality "1"]

1. d4 Nf6 2. c4 g6 3. Nc3 Bg7 4. e4 d6 5. Nf3 O-O 6. Be2 e5 7. O-O Na6 8. d5 Nc5 9. Qc2 a5 10. Be3 Qe7 11. a3 Ng4 12. Bxc5 dxc5 13. Ne1 Nf6 14. Nd3 Bd7 15. b3 Ne8 16. Rab1 b6 17. b4 axb4 18. axb4 cxb4 19. Rxb4 f5 20. Bf3 Ra5 21. Nb5 Bxb5 22. cxb5 Nd6 23. Rfb1 Rfa8 24. Ne1 Ra1 25. Qc6 R8a2 26. Nc2 Rxb1+ 27. Rxb1 fxe4 28. Bg4 h5 29. Be6+ Kh7 30. Ne3 Bh6 31. Qc3 Bxe3 32. Qxe3 Rc2 33. h3 Qf6 34. Rc1 Rxc1+ 35. Qxc1 Qe7 36. Qc6 Ne8 37. g4 hxg4 38. hxg4 Nd6 39. Kf1 e3 40. fxe3 Kh6 41. Ke2 Qg7 42. e4 Qe7 43. Kd3 Qh4 44. Qc1+ g5 45. Bf5 Qg3+ 46. Ke2 Qh2+ 47. Kd3 Qh3+ 48. Ke2 Qg2+ 49. Ke3 Nxb5 50. Qc6+ Nd6 51. Qxc7 Qg3+ 52. Kd2 Qf2+ 53. Kd1 Qf1+ 54. Kc2 Qe2+ 55. Kc1 Qe1+ 56. Kb2 Qd2+ 57. Kb3 Qd3+ 58. Ka2 Qd2+ 59. Kb1 Qd1+ 60. Ka2 Qa4+ 61. Kb1 Qb4+ 62. Ka2 Qc4+ 63. Qxc4 Nxc4 64. Kb3 Nd6 65. Kb4 Kg7 66. Ka4 Kf6 67. Kb4 Ke7 68. Ka4 Kd8 69. Kb4 Kc7 70. Bh7 Kb7 71. Bg6 Ka6 72. Bh7 Nb7 73. Bf5 Nd6 74. Bh7 Kb7 75. Bg6 Kc7 76. Bh7 Kd8 77. Bg6 Ke7 78. Bh7 Kf6 79. Bf5 Kg7 80. Kc3 Kf7 81. Kb4 Kg8 82. Bg6 Kg7 83. Bf5 Kf8 84. Bh7 Ke7 85. Bg6 1/2-1/2

[Event "Guelph op"]
[Site "Guelph CAN"]
[Date "2005.07.31"]
[Round "8"]
[White "Cazelais, Marc"]
[Black "Dougherty, Michael"]
[Result "1/2-1/2"]
[WhiteElo "2203"]
[BlackElo "2233"]
[PlyCount "88"]
[GameId "2160767910900969"]
[EventDate "2005.07.28"]
[EventType "swiss"]
[EventRounds "9"]
[EventCountry "CAN"]
[SourceTitle "CBM 107 Extra"]
[Source "ChessBase"]
[SourceDate "2005.09.01"]
[SourceVersion "1"]
[SourceVersionDate "2005.09.01"]
[SourceQuality "1"]

1. e4 g6 2. d4 Bg7 3. Nc3 c5 4. dxc5 Qa5 5. Nf3 Bxc3+ 6. bxc3 Qxc3+ 7. Bd2 Qxc5 8. Bd3 d6 9. Rb1 Nd7 10. Rb5 Qc7 11. Qa1 f6 12. h4 h5 13. O-O e5 14. a4 a6 15. Rbb1 Ne7 16. Rfe1 O-O 17. Bh6 Rf7 18. Qa2 d5 19. exd5 Nf5 20. Bd2 Nc5 21. Bc4 Nd6 22. Bf1 Bf5 23. a5 Kg7 24. Bb4 Rc8 25. Rbc1 b5 26. axb6 Qxb6 27. Ba5 Qa7 28. Bd2 Be4 29. Nh2 Qb7 30. c4 Rfc7 31. Ba5 Rd7 32. Rc3 Qb8 33. Ra3 Rb7 34. Bc3 Bb1 35. Qa1 Nde4 36. Nf3 Nxc3 37. Qxc3 Bf5 38. Rea1 Qd6 39. Qe3 Rcb8 40. Ra5 Rc7 41. R5a3 Rb4 42. Nd2 Qb6 43. Ra5 Bc2 44. R5a3 Bf5 1/2-1/2

[Event "Guelph op"]
[Site "Guelph CAN"]
[Date "2005.07.31"]
[Round "8"]
[White "Haessel, Dale"]
[Black "Stevens, Christian"]
[Result "0-1"]
[WhiteElo "2226"]
[BlackElo "2319"]
[PlyCount "66"]
[GameId "2160767910900970"]
[EventDate "2005.07.28"]
[EventType "swiss"]
[EventRounds "9"]
[EventCountry "CAN"]
[SourceTitle "CBM 107 Extra"]
[Source "ChessBase"]
[SourceDate "2005.09.01"]
[SourceVersion "1"]
[SourceVersionDate "2005.09.01"]
[SourceQuality "1"]

1. c4 Nf6 2. g3 e6 3. Bg2 d5 4. Nf3 Nc6 5. O-O d4 6. a3 a5 7. e3 e5 8. exd4 exd4 9. Qa4 Bd7 10. Re1+ Be7 11. c5 O-O 12. Nxd4 Bxc5 13. Nxc6 Bxc6 14. Bxc6 bxc6 15. Nc3 Re8 16. Rxe8+ Qxe8 17. Qf4 Qd7 18. d4 Bxd4 19. Be3 Bxc3 20. bxc3 Qh3 21. f3 Nd5 22. Qd4 Rb8 23. Bd2 Qf5 24. c4 Nf6 25. Bf4 h5 26. Bxc7 Rb3 27. c5 a4 28. Bd6 Qxf3 29. Be5 Rd3 30. Qb2 Qe3+ 31. Kh1 Rd2 32. Qb8+ Kh7 33. Qb1+ g6 0-1

[Event "Guelph op"]
[Site "Guelph CAN"]
[Date "2005.07.31"]
[Round "8"]
[White "Kret, Ted"]
[Black "Henry, Liam"]
[Result "1-0"]
[WhiteElo "2151"]
[BlackElo "2115"]
[PlyCount "35"]
[GameId "2160767910900972"]
[EventDate "2005.07.28"]
[EventType "swiss"]
[EventRounds "9"]
[EventCountry "CAN"]
[SourceTitle "CBM 107 Extra"]
[Source "ChessBase"]
[SourceDate "2005.09.01"]
[SourceVersion "1"]
[SourceVersionDate "2005.09.01"]
[SourceQuality "1"]

1. d4 Nf6 2. c4 g6 3. Nc3 Bg7 4. e4 d6 5. f4 O-O 6. Nf3 c5 7. d5 e6 8. Be2 exd5 9. cxd5 Bg4 10. O-O Nbd7 11. Re1 Re8 12. h3 Bxf3 13. Bxf3 Qa5 14. Be3 b5 15. a3 Nb6 16. Qc2 Nfxd5 17. Nxd5 Nxd5 18. Bd2 1-0

[Event "Guelph op"]
[Site "Guelph CAN"]
[Date "2005.07.31"]
[Round "8"]
[White "Kulic, Sasa"]
[Black "Prilleltensky, Matan"]
[Result "1-0"]
[WhiteElo "2133"]
[BlackElo "2103"]
[PlyCount "77"]
[GameId "2160767910900974"]
[EventDate "2005.07.28"]
[EventType "swiss"]
[EventRounds "9"]
[EventCountry "CAN"]
[SourceTitle "CBM 107 Extra"]
[Source "ChessBase"]
[SourceDate "2005.09.01"]
[SourceVersion "1"]
[SourceVersionDate "2005.09.01"]
[SourceQuality "1"]

1. e4 c5 2. Nf3 e6 3. c4 a6 4. Nc3 d6 5. d4 cxd4 6. Nxd4 Nf6 7. Be2 Be7 8. Be3 Qc7 9. O-O O-O 10. Rc1 Nc6 11. Nd5 exd5 12. cxd5 Bd7 13. dxc6 Bxc6 14. Bf3 Qd7 15. Nxc6 bxc6 16. e5 dxe5 17. Qxd7 Nxd7 18. Rxc6 Nf6 19. Rfc1 e4 20. Bd1 Nd5 21. Bd4 Nb4 22. Rc7 Bd6 23. Rd7 Bf4 24. Ra1 Rad8 25. Rxd8 Rxd8 26. Bb6 Rd2 27. Bb3 Nd3 28. Bd4 Ne5 29. Bc3 Rd8 30. Re1 e3 31. fxe3 Nd3 32. exf4 Nxe1 33. Bxe1 Rd4 34. g3 Kf8 35. Bc3 Re4 36. Kf2 g6 37. Bd5 Re8 38. a3 Rd8 39. Bb7 1-0

[Event "Guelph op"]
[Site "Guelph CAN"]
[Date "2005.07.31"]
[Round "8"]
[White "Kunte, Abhijit"]
[Black "Kogan, Artur"]
[Result "1/2-1/2"]
[WhiteElo "2561"]
[BlackElo "2580"]
[PlyCount "174"]
[GameId "2160767910900975"]
[EventDate "2005.07.28"]
[EventType "swiss"]
[EventRounds "9"]
[EventCountry "CAN"]
[SourceTitle "CBM 107 Extra"]
[Source "ChessBase"]
[SourceDate "2005.09.01"]
[SourceVersion "1"]
[SourceVersionDate "2005.09.01"]
[SourceQuality "1"]

1. d4 d6 2. g3 Nd7 3. Bg2 e5 4. Nf3 g6 5. O-O Bg7 6. c4 Ne7 7. Nc3 O-O 8. dxe5 dxe5 9. Qc2 Nf5 10. Rd1 c6 11. e3 Qe7 12. Rb1 a5 13. b3 Re8 14. Ne4 Nf6 15. Nxf6+ Bxf6 16. Bb2 a4 17. Nd2 axb3 18. axb3 Nd6 19. Ra1 Bf5 20. e4 Bg4 21. Rxa8 Rxa8 22. Ra1 Rd8 23. Nf1 Bg5 24. h3 Bc8 25. Qc3 f6 26. Ba3 Qc7 27. Rd1 Nf7 28. Rd3 c5 29. Rd5 b6 30. b4 Bb7 31. Rxd8+ Nxd8 32. bxc5 bxc5 33. h4 Bh6 34. Qf3 Kg7 35. Nh2 Ne6 36. Ng4 f5 37. Nxh6 Kxh6 38. Qe3+ f4 39. Qd2 Kg7 40. Bb2 fxg3 41. fxg3 Nd4 42. Qg5 Qd6 43. h5 Ba6 44. Kh2 Bxc4 45. Qc1 Bf7 46. hxg6 hxg6 47. Ba3 Nb3 48. Qc2 Qc7 49. Bb2 c4 50. Qc3 Nd4 51. Qb4 Be6 52. Qd2 Qd8 53. Qe3 Bg4 54. Qa3 Qc7 55. Qe3 Qb6 56. Qg5 Nf3+ 57. Bxf3 Qxb2+ 58. Kg1 Qb6+ 59. Kh2 Qb2+ 60. Kg1 Be6 61. Qe7+ Bf7 62. Bg4 Qd4+ 63. Kg2 Qxe4+ 64. Bf3 Qd4 65. Bc6 Kg8 66. Be8 Bd5+ 67. Kh3 Qe4 68. Bxg6 Qxg6 69. Qd8+ Kf7 70. Qd7+ Kf6 71. Qxd5 Qh5+ 72. Kg2 Qe2+ 73. Kh3 Qd3 74. Qg8 Qd7+ 75. g4 c3 76. Qf8+ Kg5 77. Qf3 Qh7+ 78. Kg2 Qc2+ 79. Kg3 Kg6 80. Qc6+ Kg5 81. Qf3 Qb1 82. Qe3+ Kf6 83. Qxc3 Qg1+ 84. Kh3 Qf1+ 85. Kh4 Qf2+ 86. Kh3 Qf4 87. Qa3 Kg7 1/2-1/2

[Event "Guelph op"]
[Site "Guelph CAN"]
[Date "2005.07.31"]
[Round "8"]
[White "Matveeva, Svetlana"]
[Black "Ganguly, Surya Shekhar"]
[Result "1/2-1/2"]
[WhiteElo "2419"]
[BlackElo "2596"]
[PlyCount "44"]
[GameId "2160767910900976"]
[EventDate "2005.07.28"]
[EventType "swiss"]
[EventRounds "9"]
[EventCountry "CAN"]
[SourceTitle "CBM 107 Extra"]
[Source "ChessBase"]
[SourceDate "2005.09.01"]
[SourceVersion "1"]
[SourceVersionDate "2005.09.01"]
[SourceQuality "1"]

1. d4 Nf6 2. c4 c5 3. d5 b5 4. cxb5 a6 5. b6 a5 6. Nc3 Ba6 7. Nf3 d6 8. e4 Bxf1 9. Rxf1 Nbd7 10. Qa4 Qxb6 11. e5 dxe5 12. Nxe5 Rc8 13. Bg5 Qxb2 14. Bxf6 Qxc3+ 15. Ke2 Qb2+ 16. Kf3 Qc3+ 17. Ke2 Qb2+ 18. Kf3 Qb7 19. Qxd7+ Qxd7 20. Nxd7 gxf6 21. Nb6 Rb8 22. Rab1 Bh6 1/2-1/2

[Event "Guelph op"]
[Site "Guelph CAN"]
[Date "2005.07.31"]
[Round "8"]
[White "Ochkoos, Jura"]
[Black "Urquhart, Eddie"]
[Result "0-1"]
[WhiteElo "2275"]
[BlackElo "2166"]
[PlyCount "62"]
[GameId "2160767910900979"]
[EventDate "2005.07.28"]
[EventType "swiss"]
[EventRounds "9"]
[EventCountry "CAN"]
[SourceTitle "CBM 107 Extra"]
[Source "ChessBase"]
[SourceDate "2005.09.01"]
[SourceVersion "1"]
[SourceVersionDate "2005.09.01"]
[SourceQuality "1"]

1. e4 c5 2. Nf3 e6 3. d4 cxd4 4. Nxd4 a6 5. Nc3 Qc7 6. a3 Nf6 7. f4 d6 8. Bd3 Be7 9. Bd2 b5 10. Qe2 Nbd7 11. g4 Nc5 12. b4 Nxd3+ 13. cxd3 Bb7 14. Rc1 Rc8 15. O-O Qd8 16. g5 Nd7 17. f5 Qb6 18. fxe6 Qxd4+ 19. Be3 Qe5 20. exd7+ Kxd7 21. d4 Qe6 22. d5 Qh3 23. Nxb5 h6 24. Nd4 hxg5 25. Rxf7 Rxc1+ 26. Bxc1 Ke8 27. Rxg7 Bf6 28. Rxb7 Bxd4+ 29. Kh1 Qg3 30. Rb8+ Kd7 31. Rb7+ Kc8 0-1

[Event "Guelph op"]
[Site "Guelph CAN"]
[Date "2005.08.01"]
[Round "9"]
[White "Dougherty, Michael"]
[Black "Buscar, Michael"]
[Result "1/2-1/2"]
[WhiteElo "2233"]
[BlackElo "2101"]
[PlyCount "44"]
[GameId "2160767910900984"]
[EventDate "2005.07.28"]
[EventType "swiss"]
[EventRounds "9"]
[EventCountry "CAN"]
[SourceTitle "CBM 107 Extra"]
[Source "ChessBase"]
[SourceDate "2005.09.01"]
[SourceVersion "1"]
[SourceVersionDate "2005.09.01"]
[SourceQuality "1"]

1. Nf3 d5 2. c4 e6 3. d4 c5 4. cxd5 exd5 5. g3 Nc6 6. Bg2 Nf6 7. O-O Be7 8. Nc3 O-O 9. Bg5 c4 10. Ne5 Be6 11. b3 Qa5 12. Qd2 Bb4 13. Nxc6 bxc6 14. Bxf6 gxf6 15. Rfc1 Ba3 16. Rc2 Bb4 17. bxc4 Bf5 18. Rcc1 Ba3 19. cxd5 cxd5 20. Rd1 Bb4 21. Rac1 Ba3 22. Ra1 Bb4 1/2-1/2

[Event "Guelph op"]
[Site "Guelph CAN"]
[Date "2005.08.01"]
[Round "9"]
[White "Filipovich, David"]
[Black "Cazelais, Marc"]
[Result "1/2-1/2"]
[WhiteElo "2218"]
[BlackElo "2203"]
[PlyCount "117"]
[GameId "2160767910900985"]
[EventDate "2005.07.28"]
[EventType "swiss"]
[EventRounds "9"]
[EventCountry "CAN"]
[SourceTitle "CBM 107 Extra"]
[Source "ChessBase"]
[SourceDate "2005.09.01"]
[SourceVersion "1"]
[SourceVersionDate "2005.09.01"]
[SourceQuality "1"]

1. Nf3 g6 2. d4 Bg7 3. c3 Nf6 4. Bg5 b6 5. Nbd2 Bb7 6. e3 d6 7. Bc4 Nbd7 8. O-O O-O 9. a4 a5 10. Qc2 c5 11. Rfe1 Rc8 12. Rad1 Rc7 13. Qb3 d5 14. Bb5 c4 15. Qc2 Qa8 16. Bf4 Rcc8 17. h3 Bc6 18. Ne5 Bxb5 19. axb5 Nxe5 20. Bxe5 Qb7 21. b3 cxb3 22. Qxb3 e6 23. Rc1 Nd7 24. Bd6 Rfe8 25. f4 f6 26. c4 dxc4 27. Rxc4 Qd5 28. Rc6 f5 29. Qxd5 exd5 30. Rec1 Ra8 31. Rc7 Nf8 32. Be5 Bxe5 33. dxe5 Ne6 34. R7c6 d4 35. Kf2 Nc5 36. Rc4 dxe3+ 37. Kxe3 Reb8 38. Nb1 a4 39. Na3 Ra7 40. Kd4 Kf7 41. g4 Rd7+ 42. Rd6 Rxd6+ 43. exd6 Ke6 44. gxf5+ gxf5 45. Rc3 Nb3+ 46. Ke3 Kxd6 47. Rc6+ Ke7 48. Rc7+ Kf6 49. Rxh7 Re8+ 50. Kf2 Kg6 51. Rc7 Nd4 52. Rc4 Re4 53. Rxa4 Rxf4+ 54. Kg2 Re4 55. Ra6 Re2+ 56. Kf1 Re6 57. Nc4 Nxb5 58. Rxb6 Rxb6 59. Nxb6 1/2-1/2

[Event "Guelph op"]
[Site "Guelph CAN"]
[Date "2005.08.01"]
[Round "9"]
[White "Plotkin, Victor"]
[Black "Kret, Ted"]
[Result "0-1"]
[WhiteElo "2192"]
[BlackElo "2151"]
[PlyCount "102"]
[GameId "2160767910900990"]
[EventDate "2005.07.28"]
[EventType "swiss"]
[EventRounds "9"]
[EventCountry "CAN"]
[SourceTitle "CBM 107 Extra"]
[Source "ChessBase"]
[SourceDate "2005.09.01"]
[SourceVersion "1"]
[SourceVersionDate "2005.09.01"]
[SourceQuality "1"]

1. e4 e6 2. d4 d5 3. Nd2 Nf6 4. e5 Nfd7 5. Ngf3 c5 6. c3 Nc6 7. Nb3 Qb6 8. Be2 a5 9. Rb1 a4 10. Nxc5 Nxc5 11. dxc5 Bxc5 12. O-O Bd7 13. Bf4 h6 14. Bd3 g5 15. Bg3 g4 16. Nd2 h5 17. Bf4 Qa7 18. b4 Bb6 19. c4 Bd4 20. Qe2 Kf8 21. Kh1 Kg7 22. f3 g3 23. Bxg3 h4 24. Bf4 Rh5 25. cxd5 exd5 26. Bb5 Rf5 27. g3 Rh8 28. Qd3 hxg3 29. Bxg3 Rfh5 30. Bxc6 bxc6 31. Qe2 Bh3 32. Rfd1 Bf5 33. Rbc1 Bf2 34. Nf1 Bxg3 35. Nxg3 Rxh2+ 36. Qxh2 Rxh2+ 37. Kxh2 Qf2+ 38. Kh1 Bg4 39. Rd3 Bxf3+ 40. Rxf3 Qxf3+ 41. Kh2 d4 42. Rg1 Qf4 43. Rd1 Kf8 44. e6 Qh6+ 45. Kg2 Qxe6 46. Rxd4 Qxa2+ 47. Kf3 Qc2 48. Kg4 Qg6+ 49. Kf4 Qh6+ 50. Kf3 Qf6+ 51. Ke4 Qh4+ 0-1

[Event "Guelph op"]
[Site "Guelph CAN"]
[Date "2005.08.01"]
[Round "9"]
[White "Urquhart, Eddie"]
[Black "Aronov, Yuri"]
[Result "1-0"]
[WhiteElo "2166"]
[BlackElo "2220"]
[PlyCount "93"]
[GameId "2160767910900994"]
[EventDate "2005.07.28"]
[EventType "swiss"]
[EventRounds "9"]
[EventCountry "CAN"]
[SourceTitle "CBM 107 Extra"]
[Source "ChessBase"]
[SourceDate "2005.09.01"]
[SourceVersion "1"]
[SourceVersionDate "2005.09.01"]
[SourceQuality "1"]

1. e4 d6 2. Nc3 Nf6 3. f4 g6 4. Nf3 Bg7 5. Be2 O-O 6. O-O c5 7. Kh1 Nc6 8. d3 Rb8 9. a4 a6 10. Be3 b5 11. axb5 axb5 12. Qd2 b4 13. Nd1 Qc7 14. Nf2 Bd7 15. c3 Qb7 16. d4 cxd4 17. cxd4 d5 18. e5 Ng4 19. Nxg4 Bxg4 20. h3 Bf5 21. Kg1 b3 22. g4 Bc2 23. Rf2 e6 24. Raf1 Qb4 25. Qc1 f6 26. Bd2 Qb6 27. Bc3 fxe5 28. fxe5 Be4 29. Qd2 h6 30. Kh2 Rf7 31. Bd1 Rbf8 32. Kg3 g5 33. h4 gxh4+ 34. Nxh4 Rxf2 35. Rxf2 Rxf2 36. Qxf2 Nb4 37. Qd2 Nc2 38. Ng2 Qb5 39. Be2 Qd7 40. Nf4 Qf7 41. Bd3 Bxd3 42. Qxd3 Bf8 43. Qa6 Bb4 44. Qc8+ Kh7 45. Bxb4 Nxb4 46. Qc3 Na6 47. Qd3+ 1-0

[Event "Halloween op"]
[Site "Edmonton CAN"]
[Date "2005.10.23"]
[Round "3"]
[White "Seehagen, Terry"]
[Black "Hughey, Micah"]
[Result "0-1"]
[WhiteElo "1589"]
[BlackElo "2023"]
[PlyCount "48"]
[GameId "2160767910834418"]
[EventDate "2005.10.09"]
[EventType "swiss"]
[EventRounds "4"]
[EventCountry "CAN"]
[WhiteTeam "Canada"]
[BlackTeam "Canada"]
[WhiteTeamCountry "CAN"]
[BlackTeamCountry "CAN"]

1. Nf3 d5 2. b4 c6 3. g3 Qb6 4. a3 a5 5. bxa5 Qxa5 6. Bg2 f6 7. O-O e5 8. d3 Bd6 9. Nbd2 Ne7 10. c4 O-O 11. Nb3 Qa4 12. c5 Bc7 13. e3 Bg4 14. Qc2 Nd7 15. Bd2 f5 16. Qb2 f4 17. exf4 exf4 18. Ng5 f3 19. Rfe1 Ng6 20. h3 h6 21. hxg4 hxg5 22. Re6 Nge5 23. Nd4 fxg2 24. Bxg5 Qxd4 0-1

[Event "Holidays op"]
[Site "Toronto CAN"]
[Date "2005.12.26"]
[Round "1"]
[White "Henry, Liam"]
[Black "Shah, Omar"]
[Result "1-0"]
[WhiteElo "2046"]
[BlackElo "1882"]
[PlyCount "35"]
[GameId "2160767910838080"]
[EventDate "2005.12.26"]
[EventType "swiss"]
[EventRounds "6"]
[EventCountry "CAN"]
[SourceTitle "hb 2019"]

1. e4 c5 2. Nf3 d6 3. d4 cxd4 4. Nxd4 Nf6 5. Nc3 a6 6. Bc4 e6 7. Bb3 Nbd7 8. f4 Nc5 9. O-O Qc7 10. Qf3 Be7 11. f5 O-O 12. g4 h6 13. g5 hxg5 14. Bxg5 b5 15. a3 Nxb3 16. cxb3 Qc5 17. Be3 Qe5 18. Nc6 1-0

[Event "Holidays op"]
[Site "Toronto CAN"]
[Date "2005.12.28"]
[Round "4"]
[White "Shah, Omar"]
[Black "Ochkoos, Jura"]
[Result "1-0"]
[WhiteElo "1882"]
[BlackElo "2302"]
[PlyCount "89"]
[GameId "2160767910838081"]
[EventDate "2005.12.26"]
[EventType "swiss"]
[EventRounds "6"]
[EventCountry "CAN"]
[SourceTitle "hb 2019"]

1. e4 e5 2. f4 exf4 3. Nf3 h6 4. Bc4 d6 5. d4 g5 6. O-O Bg7 7. g3 Bh3 8. Rf2 fxg3 9. hxg3 Nf6 10. Nc3 Be6 11. Bd3 c6 12. Qe2 Nbd7 13. Nh2 Nb6 14. b3 Qd7 15. a4 d5 16. e5 Ne4 17. Nxe4 dxe4 18. Qxe4 Nd5 19. Bd2 a5 20. c3 O-O-O 21. Rc1 f5 22. Qe1 f4 23. gxf4 Nxf4 24. Bxf4 gxf4 25. Bc4 h5 26. Rg2 Bh6 27. Rd1 Rhg8 28. Qe4 Rxg2+ 29. Kxg2 Rg8+ 30. Kh1 Rg3 31. Bxe6 Qxe6 32. d5 cxd5 33. Rxd5 Rxc3 34. Rd6 Qh3 35. Rd1 f3 36. Rg1 f2 37. Rg8+ Kc7 38. Qh7+ Kb6 39. Qxh6+ Ka7 40. Qf4 Qd3 41. Qxf2+ Qe3 42. Kg2 Qxf2+ 43. Kxf2 Rxb3 44. e6 Rb2+ 45. Kf3 1-0

[Event "Hollowach Challenge"]
[Site "Edmonton CAN"]
[Date "2005.04.14"]
[Round "2"]
[White "Newton, Geoff"]
[Black "Hughey, Micah"]
[Result "1-0"]
[WhiteElo "1866"]
[BlackElo "2075"]
[PlyCount "43"]
[GameId "2160767910968794"]
[EventDate "2005.04.07"]
[EventType "swiss"]
[EventRounds "4"]
[EventCountry "CAN"]
[WhiteTeam "Canada"]
[BlackTeam "Canada"]
[WhiteTeamCountry "CAN"]
[BlackTeamCountry "CAN"]

1. e4 c5 2. Nf3 e6 3. d4 cxd4 4. Nxd4 Nf6 5. Nc3 Bb4 6. Bd3 d5 7. exd5 Qxd5 8. O-O Bxc3 9. bxc3 O-O 10. Ba3 Re8 11. Nb5 Na6 12. c4 Qc6 13. Re1 Nc5 14. Nd4 Qc7 15. Nb5 Qb6 16. Rb1 Qc6 17. Nd6 Re7 18. Ne4 b6 19. Nxf6+ gxf6 20. Be4 Nxe4 21. Bxe7 Bb7 22. Qg4+ 1-0

[Event "Hommage a Robert Pilon"]
[Site "Gatineau CAN"]
[Date "2005.10.18"]
[Round "1"]
[White "Laferriere, Bruno"]
[Black "Mahoney, Grant"]
[Result "1-0"]
[WhiteElo "1694"]
[BlackElo "1141"]
[PlyCount "47"]
[GameId "2160767910834320"]
[EventDate "2005.10.18"]
[EventType "swiss"]
[EventRounds "5"]
[EventCountry "CAN"]

1. e4 e5 2. Nf3 Nc6 3. Bc4 Bc5 4. d3 Nge7 5. Ng5 d5 6. exd5 Nxd5 7. Qf3 Be6 8. c3 Qd7 9. b4 Bb6 10. Nxe6 fxe6 11. b5 Nd4 12. Qd1 Ba5 13. Bd2 Nxb5 14. Bxb5 Qxb5 15. c4 Bxd2+ 16. Qxd2 Qb4 17. cxd5 Qxd2+ 18. Nxd2 Rd8 19. dxe6 Rxd3 20. Nb3 Rc3 21. O-O Ke7 22. Rfe1 Kxe6 23. f4 Kd5 24. fxe5 1-0

[Event "Hommage a Robert Pilon"]
[Site "Gatineau CAN"]
[Date "2005.10.18"]
[Round "1"]
[White "Pepin, Christian"]
[Black "Arsenault, Yves"]
[Result "0-1"]
[WhiteElo "2104"]
[BlackElo "1544"]
[PlyCount "66"]
[GameId "2160767910834321"]
[EventDate "2005.10.18"]
[EventType "swiss"]
[EventRounds "5"]
[EventCountry "CAN"]

1. e4 c5 2. Nf3 e6 3. c3 d5 4. exd5 exd5 5. d4 Nf6 6. Bb5+ Bd7 7. Bxd7+ Nbxd7 8. O-O Be7 9. Nbd2 O-O 10. dxc5 Bxc5 11. Nb3 Rc8 12. Bg5 h6 13. Nxc5 Rxc5 14. Bh4 g5 15. Bg3 Ne4 16. Ne5 Nxe5 17. Bxe5 b6 18. Qh5 Rc6 19. Rad1 Re8 20. Bg3 Ree6 21. h4 Rc5 22. Rd3 f5 23. Bh2 Qf6 24. Rfd1 gxh4 25. Rf3 Ng5 26. Re3 Rxe3 27. fxe3 Kh7 28. Bf4 Qg6 29. Qxg6+ Kxg6 30. Bd6 Rc4 31. Rxd5 Rg4 32. Kh2 h3 33. gxh3 Nf3+ 0-1

[Event "Hommage a Robert Pilon"]
[Site "Gatineau CAN"]
[Date "2005.11.08"]
[Round "4"]
[White "Blouin, Francois"]
[Black "Pilon, Robert"]
[Result "1/2-1/2"]
[WhiteElo "1532"]
[BlackElo "1477"]
[PlyCount "68"]
[GameId "2160767910834322"]
[EventDate "2005.10.18"]
[EventType "swiss"]
[EventRounds "5"]
[EventCountry "CAN"]

1. e4 e6 2. d4 d5 3. e5 c5 4. c3 Nc6 5. Nf3 cxd4 6. cxd4 Bb4+ 7. Bd2 Bxd2+ 8. Qxd2 Nge7 9. Na3 a6 10. Nc2 O-O 11. Bd3 Bd7 12. O-O f6 13. Rfe1 Be8 14. exf6 Rxf6 15. Ng5 Bg6 16. Rxe6 Rxe6 17. Nxe6 Qd6 18. Nf4 Bxd3 19. Nxd3 Rf8 20. Nc5 Nf5 21. Nxb7 Qb8 22. Nc5 Qxb2 23. Nd3 Qb6 24. Nf4 Ncxd4 25. Nxd4 Nxd4 26. Nxd5 Qc5 27. Ne3 a5 28. Kh1 Nf5 29. Qd5+ Qxd5 30. Nxd5 Nd4 31. Rc1 Rxf2 32. a4 Ra2 33. Nc3 Ra3 34. h3 Nb3 1/2-1/2

[Event "Hommage a Robert Pilon"]
[Site "Gatineau CAN"]
[Date "2005.11.08"]
[Round "4"]
[White "Desjardins, Michel"]
[Black "Mai, Lloyd"]
[Result "0-1"]
[WhiteElo "1898"]
[BlackElo "2035"]
[PlyCount "60"]
[GameId "2160767910834323"]
[EventDate "2005.10.18"]
[EventType "swiss"]
[EventRounds "5"]
[EventCountry "CAN"]

1. e4 c5 2. Nc3 g6 3. g3 Bg7 4. Bg2 d6 5. d3 Nc6 6. Be3 e5 7. Qd2 Nge7 8. Bh6 Bxh6 9. Qxh6 Nd4 10. Rc1 b5 11. a3 a5 12. Qg7 Rf8 13. Qxh7 b4 14. Nce2 bxa3 15. bxa3 Qb6 16. Nxd4 cxd4 17. Ne2 Qb2 18. O-O Qxa3 19. f4 a4 20. fxe5 dxe5 21. Qg7 Qc5 22. Kh1 a3 23. c3 Qb5 24. cxd4 Qxd3 25. Qxe5 Qxe2 26. Rc7 Bd7 27. Bh3 f5 28. Qd6 Qb5 29. e5 Ra6 30. Qc5 Bc6+ 0-1

[Event "Hommage a Robert Pilon"]
[Site "Gatineau CAN"]
[Date "2005.11.15"]
[Round "5"]
[White "Arsenault, Yves"]
[Black "Scantland, Patrick"]
[Result "0-1"]
[WhiteElo "1544"]
[BlackElo "1658"]
[PlyCount "90"]
[GameId "2160767910834324"]
[EventDate "2005.10.18"]
[EventType "swiss"]
[EventRounds "5"]
[EventCountry "CAN"]

1. e4 c5 2. Nf3 d6 3. Bc4 e6 4. Nc3 Nf6 5. d3 Be7 6. O-O O-O 7. a3 a6 8. b4 b5 9. Ba2 Qc7 10. Bb2 Nbd7 11. Ne2 Bb7 12. Nf4 d5 13. e5 Ng4 14. Re1 cxb4 15. axb4 Bxb4 16. Re2 Bc3 17. Bxc3 Qxc3 18. d4 Rfe8 19. Rb1 a5 20. Rb3 Qc6 21. h3 Nh6 22. Ng5 Nf5 23. g4 Nh4 24. Qd3 Ng6 25. Nxg6 hxg6 26. Qf3 Rf8 27. h4 b4 28. c3 Ba6 29. Re3 Bc4 30. Rb2 Bxa2 31. Rxa2 b3 32. Rb2 a4 33. Re1 Qc4 34. Reb1 Rac8 35. Kg2 Qxc3 36. Qxc3 Rxc3 37. Nf3 Ra8 38. Nd2 Nb6 39. Ra1 Rac8 40. Kf1 Rc1+ 41. Rxc1 Rxc1+ 42. Ke2 Nc4 43. Rb1 Rc2 44. Rd1 b2 45. f4 Rxd2+ 0-1